Les mots de la langue française terminés par "eve" - Statistiques

Statistiques générales
  • Ce quiz a été pris 186 fois
  • Le résultat moyen est 13 sur 23
Statistiques - réponses
Indice Mot % Correct
écolier élève
95%
première femme Eve
92%
arrêt du travail grève
89%
courte brève
86%
pause trève
84%
idéalisé rêvé
80%
.... la faim crève
78%
légume-graine fève
74%
terminé achevé
73%
au pied .... levé
71%
ponctionne prélève
70%
ville d'un pays voisin Genève
68%
remplacement relève
59%
prends enlève
57%
neige névé
57%
patronne de Paris Geneviève
55%
incomplet inachevé
48%
force sève
47%
74120 Megève
31%
34700 Lodève
18%
grain sénevé
3%
voilier sacolève
0%
poule sultane talève
0%
Aucun quiz correspondant
Distribution des résultats
% des personnes avec chaque résultat
Percentile par nombre de réponses
Votre historique - résultats
Vous n’avez pas pris ce quiz